NBA FINALS WINNERS (2000-2017) - Statistics

General Stats
  • This quiz has been taken 804 times
  • The average score is 16 of 18
Answer Stats
Year LOSER WINNER % Correct
2017 Cleveland Cavaliers Golden State Warriors
99%
2016 Golden State Warriors Cleveland Cavaliers
98%
2015 Cleveland Cavaliers Golden State Warriors
98%
2014 Miami Heat San Antonio Spurs
94%
2013 San Antonio Spurs Miami Heat
93%
2012 Oklahoma City Thunder Miami Heat
92%
2011 Miami Heat Dallas Mavericks
90%
2010 Boston Celtics Los Angeles Lakers
88%
2008 Los Angeles Lakers Boston Celtics
87%
2009 Orlando Magic Los Angeles Lakers
86%
2001 Philadelphia 76ers Los Angeles Lakers
80%
2007 Cleveland Cavaliers San Antonio Spurs
80%
2004 Los Angeles Lakers Detroit Pistons
79%
2002 New Yersey Nets Los Angeles Lakers
79%
2000 Indiana Pacers Los Angeles Lakers
79%
2006 Dallas Mavericks Miami Heat
78%
2005 Detroit Pistons San Antonio Spurs
76%
2003 New Yersey Nets San Antonio Spurs
74%
No matching quizzes found
Score Distribution
Percent of People with Each Score
Percentile by Number Answered
Your Score History
You have not taken this quiz